Sports Quiz

Random Sports or NBA Quiz
Score 0/16 Timer 06:00
0 Plays Today
Jersey number Player % Correct
00Carmelo Anthony
100%
0Damian Lillard
98.4%
3C.J McCollum
90.2%
27Jusuf Nurkic
85.2%
21Hassan Whiteside
77%
33Zach Collins
72.1%
1Anfernee Simons
70.5%
5Rodney Hood
68.9%
Jersey number Player % Correct
8Trevor Ariza
66.7%
44Mario Hezonja
59%
9Nassir Little
54.1%
2Gary Trent Jr.
50.8%
4 (Two-Way deal)Moses Brown
50%
6 (Two-Way deal)Jaylen Hoard
36.1%
50Caleb Swanigan
33.3%
35Wenyen Gabriel
33.3%

You're not logged in!

Compare scores with friends on all Sporcle quizzes.
OR
Log In

Sporcle TV

Today on Sporcle TV


Watch our educational content, quiz creation guides, and fun videos on Sporcle TV.

Show Comments

Extras

Top Quizzes Today


Score Distribution

Paid Content

Your Account Isn't Verified!

In order to create a playlist on Sporcle, you need to verify the email address you used during registration. Go to your Sporcle Settings to finish the process.

Report this User

Report this user for behavior that violates our Community Guidelines.

Details: